Trenerzy Mistrzów Niemiec w XXI wieku - Statystyki

Ogólne statystyki
  • Ten quiz został rozwiązany 63 razy
    19 od ostatniego zresetowania
  • Średni wynik to 18 z 25
Statystyki odpowiedzi
Sezon Klub Trener % Poprawnych
2017/18 Bayern Monachium Carlo Ancelotti | Jupp Heynckes
100%
2020/21 Bayern Monachium Hans-Dieter Flick
100%
2012/13 Bayern Monachium Jupp Heynckes
100%
2019/20 Bayern Monachium Niko Kovac | Hans-Dieter Flick
100%
2024/25 Bayern Monachium Vincent Kompany
100%
2023/24 Bayer Leverkusen Xabi Alonso
100%
2016/17 Bayern Monachium Carlo Ancelotti
93%
2022/23 Bayern Monachium Julian Nagelsmann | Thomas Tuchel
93%
2018/19 Bayern Monachium Niko Kovac
93%
2015/16 Bayern Monachium Pep Guardiola
93%
2014/15 Bayern Monachium Pep Guardiola
93%
2013/14 Bayern Monachium Pep Guardiola
93%
2021/22 Bayern Monachium Julian Nagelsmann
87%
2011/12 Borussia Dortmund Jurgen Klopp
87%
2010/11 Borussia Dortmund Jurgen Klopp
87%
2009/10 Bayern Monachium Louis Van Gaal
67%
2007/08 Bayern Monachium Ottmar Hitzfeld
60%
2002/03 Bayern Monachium Ottmar Hitzfeld
60%
2000/01 Bayern Monachium Ottmar Hitzfeld
60%
2008/09 Wolfsburg Felix Magath
40%
2005/06 Bayern Monachium Felix Magath
40%
2004/05 Bayern Monachium Felix Magath
40%
2001/02 Borussia Dortmund Matthias Sammer
7%
2006/07 Stuttgart Armin Veh
0%
2003/04 Werder Brema Thomas Schaaf
0%
Nie znaleziono quizów pasujących do podanych kryteriów
Rozkład punktacji
Procent ludzi z każdym wynikiem
Percentyl według liczby udzielonych odpowiedzi
Twoja historia wyników
Nie rozwiązałeś tego quizu od ostatniego zresetowania